Моделирование движения электронов в магнитном поле бетатрона; Перспективы развития фундаментальных наук; Т. 2

Podrobná bibliografie
Parent link:Перспективы развития фундаментальных наук: труды VI Международной конференции студентов и молодых ученых, Томск, 26 - 29 мая 2009 г./ Томский политехнический университет (ТПУ) ; под ред. Г. А. Вороновой.— , 2009.— 978-5-98298-544-6
Т. 2.— 2009.— С. 676-679
Hlavní autor: Черепнев М. С. Максим Святославович
Další autoři: Кашковский В. В. Виктор Васильевич (научный руководитель)
Jazyk:ruština
Vydáno: 2009
Témata:
Médium: MixedMaterials Kapitola
KOHA link:https://koha.lib.tpu.ru/cgi-bin/koha/opac-detail.pl?biblionumber=200609

MARC

LEADER 00000naa2a2200000 4500
001 200609
005 20231031184748.0
035 |a (RuTPU)RU\TPU\book\218689 
090 |a 200609 
100 |a 20110909d2009 k y0rusy50 ca 
101 0 |a rus 
102 |a RU 
200 1 |a Моделирование движения электронов в магнитном поле бетатрона  |f М. С. Черепнев  |g науч. рук. В. В. Кашковский 
320 |a Библиогр.: 5 назв. 
461 1 |0 (RuTPU)RU\TPU\book\209177  |y 978-5-98298-544-6  |t Перспективы развития фундаментальных наук   |o труды VI Международной конференции студентов и молодых ученых, Томск, 26 - 29 мая 2009 г.  |o в 2 т.  |f Томский политехнический университет (ТПУ) ; под ред. Г. А. Вороновой  |d 2009 
463 0 |0 (RuTPU)RU\TPU\book\208767  |y 978-5-98298-548-4  |t Т. 2  |v С. 676-679  |d 2009  |p 367 с. 
610 1 |a магнитное поле 
610 1 |a бетатроны 
610 1 |a движение 
610 1 |a моделирование 
610 1 |a труды учёных ТПУ 
700 1 |a Черепнев  |b М. С.  |c специалист в области радиационной безопасности  |c инженер Томского политехнического университета  |f 1987-  |g Максим Святославович  |2 stltpush  |3 (RuTPU)RU\TPU\pers\30119 
702 1 |a Кашковский  |b В. В.  |c физик  |c доцент Томского политехнического университета, кандидат технических наук  |f 1945-  |g Виктор Васильевич  |2 stltpush  |4 727 
801 1 |a RU  |b 63413507  |c 20110909 
801 2 |a RU  |b 63413507  |c 20160414  |g RCR 
942 |c BK